000 00672nam a2200205Ii 4500
003 JO-AjNU
008 230605s9999||||xx |||||||||||||| ||und||
040 _aJO-AjNU
_bara
_erda
_cJO-AjNU
041 _aara
050 1 4 _aZ3026.S2468 1984
100 3 _aصبري ،عامر حسن ,
_eauthor
_97123
245 0 0 _aقطف الثمر في رفع اسانيد المصنفات في الفنون والاثر
250 _aط1
264 3 1 _aبغداد: دار الشروق للنشر ،1984
300 _a344ص
336 _atext
_btxt
_2rdacontent
337 _aunmediated
_bn
_2rdamedia
338 _avolume
_bnc
_2rdacarrier
650 4 _aالاحاديث- اسناد
_97124
999 _aA119
_c3687
_d3687